000 00333nam a22001457a 4500
008 210322b ||||| |||| 00| 0 eng d
020 _a0070330697
041 _aeng
080 _22nd
_a61
082 _a61
100 _a3
101 _aSHM
245 _aEndocrinology a Logical Approach for Clinicals
_cJubiz, W
942 _2udc
_cBK
999 _c56664
_d56664